Extraits de ses lettres, avis, entretiens, conversations, et proverbes sur l'éducation / (Record no. 18977)

MARC details
000 -LEADER
fixed length control field 00945cam a22002774a 4500
001 - CONTROL NUMBER
control field e 10000871
003 - CONTROL NUMBER IDENTIFIER
control field DLC
005 - DATE AND TIME OF LATEST TRANSACTION
control field 20260227111153.0
008 - FIXED-LENGTH DATA ELEMENTS--GENERAL INFORMATION
fixed length control field 990524s1905 fr 000 0 fre
010 ## - LIBRARY OF CONGRESS CONTROL NUMBER
LC control number e 10000871
040 ## - CATALOGING SOURCE
Original cataloging agency DLC
Transcribing agency DLC
042 ## - AUTHENTICATION CODE
Authentication code pcc
043 ## - GEOGRAPHIC AREA CODE
Geographic area code e-fr---
050 00 - LIBRARY OF CONGRESS CALL NUMBER
Classification number LC1422
Item number .M255 1905
100 1# - MAIN ENTRY--PERSONAL NAME
Personal name Maintenon,
Titles and words associated with a name Madame de,
Dates associated with a name 1635-1719.
245 10 - TITLE STATEMENT
Title Extraits de ses lettres, avis, entretiens, conversations, et proverbes sur l'éducation /
Statement of responsibility, etc. précédés d'une introduction par Oct. Gréard ; Mme. de Maintenon.
246 30 - VARYING FORM OF TITLE
Title proper/short title Sur l'éducation
246 18 - VARYING FORM OF TITLE
Title proper/short title Extraits sur l'éducation
250 ## - EDITION STATEMENT
Edition statement 6. éd.
260 ## - PUBLICATION, DISTRIBUTION, ETC.
Place of publication, distribution, etc. Paris :
Name of publisher, distributor, etc. Hachette,
Date of publication, distribution, etc. 1905.
300 ## - PHYSICAL DESCRIPTION
Extent lxiv, 286 p. ;
Dimensions 18 cm.
440 #0 - SERIES STATEMENT/ADDED ENTRY--TITLE
Title Collection des principaux ouvrages pédagogiques français et étrangers
650 #0 - SUBJECT ADDED ENTRY--TOPICAL TERM
Topical term or geographic name entry element Women
General subdivision Education
Geographic subdivision France.
600 10 - SUBJECT ADDED ENTRY--PERSONAL NAME
Personal name Maintenon,
Titles and other words associated with a name Madame de,
Dates associated with a name 1635-1719.
700 1# - ADDED ENTRY--PERSONAL NAME
Personal name Gréard, Octave,
Dates associated with a name 1828-1904.

No items available.

Powered by Koha